Catalog

Record Details

Catalog Search



Available copies

  • 1 of 1 copy available at LARL/NWRL Consortium. (Show)
  • 1 of 1 copy available at Northwest Regional Library.

Current holds

0 current holds with 1 total copy.

Show All Copies
Location Call Number / Copy Notes Barcode Shelving Location Status Due Date
Roseau Public Library e LIO (Text) 35500001635265 Main Available -

Record details

  • ISBN: 0679838902 (trade)
  • ISBN: 0679938907 (Gibraltar lib. bdg.)
  • Physical Description: 1 v. (unpaged) : col. ill. ; 29 cm.
  • Publisher: New York : Knopf : c1992.

Content descriptions

Summary, etc.:
Timothy, a city mouse who has been transformed ... Read More
Subject: Mice > Fiction.
Identity > Fiction.
LDR 01088cam a2200277 a 4500
00111384
003LARL_NWRL_CONSORTIUM
00519950119183116.0
008920226s1992 nyua j 000 1 eng
010 . ‡a92008963 /AC
020 . ‡a0679838902 (trade)
020 . ‡a0679938907 (Gibraltar lib. bdg.)
035 . ‡a(OCoLC)25549102
040 . ‡aDLC ‡cDLC ‡dKRL
08200. ‡a[E] ‡220
092 . ‡aEASY
1001 . ‡aLionni, Leo, ‡d1910-1999. ‡0(LARL_NWRL_CONSORTIUM)55080
24510. ‡aMr. McMouse / ‡cby Leo Lionni.
260 . ‡aNew York : ‡bKnopf : ‡bDistributed by Random House, ‡cc1992.
300 . ‡a1 v. (unpaged) : ‡bcol. ill. ; ‡c29 cm.
520 . ‡aTimothy, a city mouse who has been transformed into a tiny man, searches for his true identity among a group of field mice.
650 1. ‡aMice ‡vFiction.
650 1. ‡aIdentity ‡vFiction.
901 . ‡a11384 ‡bOCLC ‡c11384 ‡tbiblio

Additional Resources